000
00297nam a22001217a 4500
082
_a
894.812
_b
RAY/F
100
_a
K.CHANDRAMOHAN
245
_a
FOLKLORINTE VARTHAMANAM
260
_a
THRICHUR
_b
POLIKA FOLKLORE TRUST
_c
2010
300
_a
152
650
_a
ESSAYS ON FOLKLORE STUDY
_z
KERALA
942
_c
BK
999
_c
1066
_d
1066